Southville International School and Colleges
Your cart is empty.
  • Cart
  • Lists
    Public lists Eva Luna New books Lux_list list_1
    Your lists Log in to create your own lists
  • Log in to your account
  • Your cookies
  • Search history
Southville International School and Colleges
  • Advanced search
  • Recent comments
  • Most popular
  • Libraries

Log in to your account

Log in with GOOGLE


If you do not have an external account, but do have a local account, you can still log in:

  1. Home
  2. MARC view: Independence for Africa /
Normal view MARC view ISBD view

Independence for Africa / (Record no. 9729)

[ view plain ]
MARC details
000 -LEADER
fixed length control field 00562nam a2200193 4500
003 - CONTROL NUMBER IDENTIFIER
control field OSt
005 - DATE AND TIME OF LATEST TRANSACTION
control field 20140310182133.0
008 - FIXED-LENGTH DATA ELEMENTS--GENERAL INFORMATION
fixed length control field 130828t xxu||||| |||| 00| 0 eng d
050 ## - LIBRARY OF CONGRESS CALL NUMBER
Classification number DT 31
Item number .C33 1960
082 ## - DEWEY DECIMAL CLASSIFICATION NUMBER
Classification number HS 960.326
Item number Ca24 1960
100 ## - MAIN ENTRY--PERSONAL NAME
Personal name Carter, Gwendolen Margaret,
Dates associated with a name 1906-1991.
9 (RLIN) 14843
245 ## - TITLE STATEMENT
Title Independence for Africa /
Statement of responsibility, etc Gwedolen M. Carter.
260 ## - PUBLICATION, DISTRIBUTION, ETC. (IMPRINT)
Place of publication, distribution, etc New York :
Name of publisher, distributor, etc Frederick A. Praeger,
Date of publication, distribution, etc c1960.
300 ## - PHYSICAL DESCRIPTION
Extent xix,172 p. :
Dimensions 20 cm.
541 ## - IMMEDIATE SOURCE OF ACQUISITION NOTE
-- 1
562 ## - COPY AND VERSION IDENTIFICATION NOTE
Number of copies 1
650 ## - SUBJECT ADDED ENTRY--TOPICAL TERM
Topical term or geographic name as entry element Africa.
General subdivision History.
-- 1960.
9 (RLIN) 14844
942 ## - ADDED ENTRY ELEMENTS (KOHA)
Source of classification or shelving scheme Library of Congress Classification
Koha item type
Holdings
Withdrawn status Lost status Source of classification or shelving scheme Damaged status Home library Current library Shelving location Date acquired Total Checkouts Full call number Barcode Date last seen Date checked out Copy number Price effective from Koha item type
    Library of Congress Classification   Luxembourg Library Luxembourg Library High School Section 08/28/2013 1 DT 31 .C33 1960 9029 12/02/2019 11/27/2019 1 08/28/2013 Books

Independence for Africa /

APA

Carter G. M., . (1960). Independence for Africa. New York: Frederick A. Praeger.

Chicago

Carter Gwendolen Margaret, . 1960. Independence for Africa. New York: Frederick A. Praeger.

Harvard

Carter G. M., . (1960). Independence for Africa. New York: Frederick A. Praeger.

MLA

Carter Gwendolen Margaret, . Independence for Africa. New York: Frederick A. Praeger. 1960.

  • Place hold
  • Print
  • Cite
  • Add to your cart (remove)
  • Save record
    BIBTEX Dublin Core MARCXML MARC (non-Unicode/MARC-8) MARC (Unicode/UTF-8) MARC (Unicode/UTF-8, Standard) MODS (XML) RIS
  • More searches
    Search for this title in:
    Other Libraries (WorldCat) Other Databases (Google Scholar) Online Stores (Bookfinder.com) Open Library (openlibrary.org)

Exporting to Dublin Core...

SOUTHVILLE LIBRARY

Southville International School and Colleges Library

1281 Tropical Ave. Cor. Luxembourg St., BF Homes International, Las Pinas City

Tel. No. 8256374 / 252358 Loc. 117/146

Powered by Koha